| 000 | 00738nam a22002057a 4500 | ||
|---|---|---|---|
| 005 | 20171114114705.0 | ||
| 010 | _aENG-121321 | ||
| 020 |
_a8185216446 _c1500.00 |
||
| 035 | _aEN-104853 | ||
| 037 | _bDBAD/PUB | ||
| 082 | _a027.454 | ||
| 245 |
_aPublic libraries of future : _bopportunities & challenges / _cedited by O.N.Chaubey...[et. al.] |
||
| 260 |
_aDelhi _bIndian Library Association _c2011 |
||
| 270 |
_aA/40-41, Flat No. 201, Ansal Building Dr. Mukherjee Nagar, _bDelhi _e110009 |
||
| 300 |
_a328 p. : _c24 cm (Pbk) _bill. |
||
| 505 | _a56th All India Library Conference Proceeding Sonepat, July 21-23. 2011 | ||
| 700 | _aChaubey, O.N. | ||
| 700 | _aSharma, Sanjeev Dutt | ||
| 942 |
_2ddc _cEN _h027.454 _mPUB |
||
| 999 |
_c147383 _d147383 |
||